Every Song by Origami Angel - Statistics

General Stats
  • This quiz has been taken 8 times
  • The average score is 29 of 81
Answer Stats
Album Song % Correct
GAMI GANG(2021) /trust
100%
GAMI GANG(2021) #GamiGang
83%
Somewhere City(2019) Welcome To...
83%
Doing the Most(2018) W / U
83%
Somewhere City(2019) 24 Hr Drive-Thru
67%
GAMI GANG(2021) Bossa Nova Corps
67%
GAMI GANG(2021) GG
67%
GAMI GANG(2021) Möbius Chicken Strip
67%
GAMI GANG(2021) Neutrogena Spektor
67%
Gen 3(2020) Ruby
67%
GAMI GANG(2021) Self-Destruct
67%
GAMI GANG(2021) Tom Holland Oates
67%
Somewhere City(2019) 666 Flags
50%
GAMI GANG(2021) Caught in the Moment
50%
Holy Split(2019) Denny's Devito
50%
GAMI GANG(2021) Isopropyl Alchemy
50%
Jinglebot(2018) Juultide Carol
50%
GAMI GANG(2021) Kno U
50%
GAMI GANG(2021) Noah Fence
50%
Holy Split(2019) Origami Bagel
50%
Doing the Most(2018) ROM Hack
50%
Gen 3(2020) Sapphire
50%
Somewhere City(2019) Say Less
50%
The Brightest Days(2023) Thank You, New Jersey
50%
Somewhere City(2019) The Air Up Here
50%
The Brightest Days(2023) The Brightest Days
50%
GAMI GANG(2021) Bed Bath & Batman Beyond
33%
GAMI GANG(2021) Blanket Statement
33%
GAMI GANG(2021) Dr. Fondoom
33%
Gen 3(2020) Emerald
33%
Somewhere City(2019) Escape Rope
33%
Depart(2022) Fawn
33%
Feeling Not Found(2024) Feeling Not Found
33%
Somewhere City(2019) Find Your Throne
33%
Doing the Most(2018) Fin (The Long and Untold Story of How I Know It's Meant to Be)
33%
Depart(2022) Foe
33%
GAMI GANG(2021) Footloose Cannonball Brothers
33%
Feeling Not Found(2024) Fruit Wine
33%
GAMI GANG(2021) Greenbelt Station
33%
Depart(2022) Judge
33%
GAMI GANG(2021) Mach Bike
33%
Quiet Hours(2017) Osmosis
33%
Quiet Hours(2017) Ride Our Bikes to School
33%
Origami Angel Broke Minecraft(2020) Roo B / Olympic Hi Dive
33%
Somewhere City(2019) Skeleton Key
33%
GAMI GANG(2021) [Spoons Rattling]
33%
Doing the Most(2018) Thanks! I Hate It.
33%
Somewhere City(2019) The Title Track
33%
Gen 3(2020) XD Gale of Darkness
33%
GAMI GANG(2021) You Won't.
33%
Origami Angel Broke Minecraft(2020) 24 Hr Delivery / KD MVP
17%
Feeling Not Found(2024) AP Revisionist History
17%
Feeling Not Found(2024) Dirty Mirror Selfie
17%
Doing the Most(2018) Effective. Power
17%
The Brightest Days(2023) Few and Far Between
17%
Re: Turn(2022) Francis
17%
Quiet Hours(2017) Hey There
17%
Feeling Not Found(2024) Higher Road
17%
Feeling Not Found(2024) HM07 Waterfall
17%
The Brightest Days(2023) Kobayashi Maru (My Very Own)
17%
Re: Turn(2022) Live From the UFO
17%
Feeling Not Found(2024) Living Proof
17%
The Brightest Days(2023) Looking Out
17%
Feeling Not Found(2024) Lost Signal
17%
Quiet Hours(2017) Mark My Words
17%
The Brightest Days(2023) My PG County Summer
17%
Quiet Hours(2017) Notice
17%
Re: Turn(2022) Penn Hall
17%
The Brightest Days(2023) Picture Frame
17%
Origami Angel Broke Minecraft(2020) Rom Com Hacky Sack / Space Flex T-Skrrt
17%
The Brightest Days(2023) Second Best Friend
17%
Feeling Not Found(2024) Secondgradefoodfight
17%
Feeling Not Found(2024) Sixth Cents (Get It?)
17%
Quiet Hours(2017) SpaceX T-Shirt
17%
Quiet Hours(2017) Step
17%
Feeling Not Found(2024) Underneath My Skin
17%
Feeling Not Found(2024) Viral
17%
Feeling Not Found(2024) Where Blue Light Blooms
17%
Origami Angel Broke Minecraft(2020) Witchu / Route 1 Baby
17%
Feeling Not Found(2024) Wretched Trajectory
17%
Somewhere City(2019) Docter Whomst
0%
No matching quizzes found
Score Distribution
Percent of People with Each Score
Percentile by Number Answered
Your Score History
You have not taken this quiz